[Event "Manhem IM Swiss 2002"]
[Site "?"]
[Date "2002.06.11"]
[Round "4"]
[White "Areklett, Ivar"]
[Black "Mandelbaum, René"]
[Result "1/2-1/2"]
[WhiteElo "2099"]
[BlackElo "2169"]
[PlyCount "136"]
[EventDate "2003.06.08"]

1. e4 c5 2. Nf3 Nc6 3. d4 cxd4 4. Nxd4 Nf6 5. Nc3 e5 6. Ndb5 d6 7. Nd5 Nxd5 8.
exd5 Nb8 9. c4 Be7 10. c5 O-O 11. Be2 a6 12. cxd6 Bxd6 13. Nc3 f5 14. O-O Nd7
15. a3 Nf6 16. b4 e4 17. Qb3 Kh8 18. f4 exf3 19. Bxf3 Bd7 20. Be3 Be5 21. Rac1
Qe8 22. Bc5 Qg6 23. Bxf8 Rxf8 24. Rce1 Bd6 25. Ne2 Ng4 26. Bxg4 Qxg4 27. Qf3
Qh4 28. Nf4 g5 29. Qh3 Qxh3 30. Nxh3 h6 31. Rf2 f4 32. Rfe2 f3 33. Rb2 Kg7 34.
Nf2 fxg2 35. Kxg2 Rf5 36. Ne4 Rxd5 37. Nxd6 Rxd6 38. Rbe2 Bc6+ 39. Kg3 Kf6 40.
h4 Rd3+ 41. Re3 Rxe3+ 42. Rxe3 gxh4+ 43. Kxh4 Kf5 44. Kh5 Be4 45. Kxh6 Ke5 46.
Kg5 Kd4 47. Kf4 Bc6 48. Rg3 Kc4 49. Ke5 a5 50. bxa5 Kb5 51. Rb3+ Kxa5 52. Rb4
Bh1 53. Kd6 Bg2 54. Kc5 Bc6 55. Rh4 Bg2 56. Rh2 Bc6 57. Rh8 Ka4 58. Ra8+ Kb3
59. Kb6 Ba4 60. Kxb7 Kxa3 61. Kb6 Kb4 62. Rh8 Bc2 63. Rh4+ Kc3 64. Kc5 Kb2 65.
Kb4 Ka1 66. Kc3 Bb1 67. Ra4+ Ba2 68. Rxa2+ Kxa2 1/2-1/2

[Event "Manhem IM Swiss 2002"]
[Site "?"]
[Date "2002.06.11"]
[Round "4"]
[White "Lahlum, Hans Olav"]
[Black "Jägerflod, Kent"]
[Result "1-0"]
[WhiteElo "2218"]
[BlackElo "2137"]
[PlyCount "47"]
[EventDate "2003.06.08"]

1. d4 Nf6 2. c4 c6 3. Nc3 d5 4. e3 g6 5. Nf3 Bg7 6. Bd3 dxc4 7. Bxc4 O-O 8. O-O
Nfd7 9. e4 e6 10. Bg5 Bf6 11. Bxf6 Qxf6 12. e5 Qg7 13. Qe2 Nb6 14. Bb3 Nd5 15.
Ne4 Nd7 16. Rac1 Ne7 17. Nfg5 Nf5 18. Rfd1 Re8 19. g4 Nh6 20. Rc3 Kh8 21. Rh3
Kg8 22. Qf3 Re7 23. Nf6+ Kf8 24. Ngxh7+ 1-0

[Event "Manhem IM Swiss 2002"]
[Site "?"]
[Date "2002.06.11"]
[Round "4"]
[White "Carlsen, Magnus Oen"]
[Black "Kinnmark, Ove"]
[Result "1/2-1/2"]
[WhiteElo "2163"]
[BlackElo "2364"]
[PlyCount "121"]
[EventDate "2003.06.08"]

1. Nf3 Nf6 2. c4 e6 3. Nc3 Bb4 4. g3 O-O 5. Bg2 Bxc3 6. bxc3 d6 7. O-O e5 8. d4
e4 9. Nd2 Re8 10. f3 exf3 11. exf3 Bf5 12. Re1 Rxe1+ 13. Qxe1 Nc6 14. Ne4 h6
15. g4 Bg6 16. Bd2 Na5 17. Qe2 Nxe4 18. fxe4 Qe7 19. Re1 Re8 20. Bf4 b6 21. h3
Qe6 22. c5 bxc5 23. dxc5 dxc5 24. Qb5 Nc4 25. Qxc5 Qb6 26. Qxb6 cxb6 27. e5 Rd8
28. e6 fxe6 29. Rxe6 Bf7 30. Re7 a5 31. Bf1 Nd2 32. Bxd2 Rxd2 33. a4 Rc2 34.
Rc7 Bb3 35. Bc4+ Bxc4 36. Rxc4 Ra2 37. Rc6 Rxa4 38. Rxb6 Rc4 39. Ra6 Rxc3 40.
Rxa5 Rxh3 41. Kg2 Rd3 42. g5 hxg5 43. Rxg5 Kh7 44. Rg3 Rd2+ 45. Kh3 Kh6 46. Ra3
Kh5 47. Ra5+ g5 48. Ra4 Rd3+ 49. Kg2 Rb3 50. Kh2 g4 51. Ra8 Kh4 52. Rh8+ Kg5
53. Rg8+ Kf4 54. Rf8+ Ke4 55. Re8+ Kf3 56. Rf8+ Ke2 57. Rf4 g3+ 58. Kg2 Re3 59.
Rg4 Kd3 60. Rxg3 Rxg3+ 61. Kxg3 1/2-1/2

[Event "Manhem IM Swiss 2002"]
[Site "?"]
[Date "2002.06.11"]
[Round "4"]
[White "Fendrich, David"]
[Black "Åkesson, Joel"]
[Result "0-1"]
[WhiteElo "2197"]
[BlackElo "2234"]
[PlyCount "52"]
[EventDate "2003.06.08"]

1. c4 Nf6 2. g3 g6 3. Bg2 Bg7 4. Nc3 O-O 5. Rb1 c6 6. e4 d5 7. d3 dxe4 8. Nxe4
Nxe4 9. Bxe4 Nd7 10. b4 a5 11. a3 Ne5 12. f4 f5 13. fxe5 fxe4 14. d4 Be6 15. c5
Bxe5 16. Bh6 Bg7 17. Bxg7 Kxg7 18. Ne2 Rf3 19. Nf4 Bf7 20. Rf1 axb4 21. Rxf3
exf3 22. d5 g5 23. Qd4+ Kg8 24. Rxb4 gxf4 25. d6 exd6 26. Rxb7 Qe8+ 0-1

[Event "Manhem IM Swiss 2002"]
[Site "?"]
[Date "2002.06.12"]
[Round "5"]
[White "Rausis, Igor"]
[Black "Areklett, Ivar"]
[Result "1-0"]
[WhiteElo "2478"]
[BlackElo "2099"]
[PlyCount "91"]
[EventDate "2003.06.08"]

1. d4 Nf6 2. Bg5 d6 3. Nc3 Nbd7 4. Nf3 e5 5. e4 Be7 6. Bc4 O-O 7. O-O c6 8. a4
Qc7 9. Qe2 Re8 10. Bh4 Nb6 11. dxe5 dxe5 12. Bb3 Bg4 13. h3 Bxf3 14. Qxf3 Rad8
15. Ne2 Nc8 16. Ng3 Nd6 17. Rad1 Rf8 18. Rd3 Nfe8 19. Bxe7 Qxe7 20. Rfd1 Nf6
21. R1d2 g6 22. Qd1 Nfe8 23. Nf1 a6 24. Ne3 b5 25. axb5 axb5 26. c3 Kh8 27. Bc2
f6 28. b3 Rf7 29. c4 bxc4 30. bxc4 c5 31. Ba4 Ra8 32. Bc6 Ra6 33. Rxd6 Nxd6 34.
Rxd6 Qc7 35. Rd8+ Kg7 36. Bb5 Ra2 37. Qd3 Qa5 38. Kh2 Rxf2 39. Rd7 Qe1 40. Ng4
Rf1 41. Rxf7+ Kxf7 42. Qd7+ Kf8 43. Qe8+ Kg7 44. Qe7+ Kg8 45. Nh6+ Kh8 46. Qf8#
1-0

[Event "Manhem IM Swiss 2002"]
[Site "?"]
[Date "2002.06.12"]
[Round "5"]
[White "Pedersen, Öyvind"]
[Black "Fendrich, David"]
[Result "1/2-1/2"]
[WhiteElo "2051"]
[BlackElo "2197"]
[PlyCount "154"]
[EventDate "2003.06.08"]

1. e4 c5 2. c3 d5 3. exd5 Qxd5 4. d4 Nf6 5. Nf3 e6 6. Be2 cxd4 7. cxd4 Nc6 8.
O-O Be7 9. Nc3 Qd6 10. Bg5 O-O 11. Rc1 Bd7 12. Bd3 Rfd8 13. Re1 Be8 14. Nb5 Qb8
15. Bh4 Qf4 16. Bg3 Qg4 17. h3 Qh5 18. Nc7 Rac8 19. Nxe8 Nxe8 20. Be4 Qb5 21.
Qc2 Nf6 22. Bd3 Qa5 23. Qb3 Qb4 24. Qxb4 Bxb4 25. Red1 Ne7 26. Be5 Nfd5 27. Rc4
Rxc4 28. Bxc4 Bd6 29. Bb3 Bc7 30. Rc1 Bb6 31. Rc4 f6 32. Bh2 Kf7 33. g4 Ng6 34.
Rc1 Ngf4 35. Bxf4 Nxf4 36. Kh2 Rd7 37. h4 Bc7 38. Kh1 Bb6 39. Kh2 Nd5 40. a3 a6
41. Re1 Rd6 42. Bc2 h5 43. g5 Ne7 44. Be4 Nc6 45. g6+ Kf8 46. Rc1 Ke7 47. Kg3
Kd7 48. Rc4 Bc7 49. Kg2 b5 50. Rc5 f5 51. d5 fxe4 52. dxc6+ Rxc6 53. Ne5+ Bxe5
54. Rxe5 Ke7 55. Rxh5 Kf6 56. Rg5 Rc2 57. Rg3 Rc5 58. Kf1 Rh5 59. Rh3 Kxg6 60.
Ke2 Kf5 61. Rc3 e5 62. Rc6 Rxh4 63. Rxa6 e3 64. Ra7 exf2 65. Rxg7 Ke4 66. b3
Rf4 67. Kf1 Kf3 68. Rh7 e4 69. Rh3+ Kg4 70. Re3 Kf5 71. Re2 Ke5 72. a4 Kd4 73.
Rxf2 Rxf2+ 74. Kxf2 bxa4 75. bxa4 Kc4 76. Ke3 Kb4 77. Kxe4 Kxa4 1/2-1/2

[Event "Manhem IM Swiss 2002"]
[Site "?"]
[Date "2002.06.12"]
[Round "5"]
[White "Pilgaard, Kim"]
[Black "Olsson, Linus"]
[Result "1-0"]
[WhiteElo "2426"]
[BlackElo "2273"]
[PlyCount "99"]
[EventDate "2003.06.08"]

1. e4 c5 2. Nf3 d6 3. d4 cxd4 4. Nxd4 Nf6 5. Nc3 a6 6. Bg5 e6 7. f4 Be7 8. Qf3
Qa5 9. O-O-O Bd7 10. g4 Nc6 11. Nb3 Qc7 12. Bh4 Bc8 13. Rg1 O-O 14. g5 Nd7 15.
f5 Nde5 16. Qh3 Re8 17. Bf2 b5 18. f6 Bf8 19. Rg3 b4 20. Na4 Rb8 21. Qg2 Bd7
22. Qg1 Na5 23. Nb6 Nac4 24. Nxd7 Qxd7 25. Bxc4 Nxc4 26. h4 a5 27. h5 g6 28.
hxg6 fxg6 29. Qf1 Rec8 30. Nc5 Qf7 31. Qxc4 dxc5 32. Rgd3 e5 33. Qxf7+ Kxf7 34.
Rd7+ Ke6 35. Rxh7 c4 36. Ra7 Ra8 37. Rdd7 b3 38. axb3 Rxa7 39. Rxa7 cxb3 40. c3
Rc4 41. Ra6+ Kf7 42. Rxa5 Rxe4 43. Kd2 Rg4 44. Rxe5 Bd6 45. Re2 Bf4+ 46. Kd3
Bxg5 47. Bd4 Bxf6 48. Rf2 Rxd4+ 49. cxd4 Ke6 50. Ke4 1-0

[Event "Manhem IM Swiss 2002"]
[Site "?"]
[Date "2002.06.12"]
[Round "5"]
[White "Sarakauskas, Gediminas"]
[Black "Aleksejev, Vadim"]
[Result "1/2-1/2"]
[WhiteElo "2388"]
[BlackElo "2407"]
[PlyCount "24"]
[EventDate "2003.06.08"]

1. e4 e6 2. d4 d5 3. Nd2 c5 4. exd5 exd5 5. Ngf3 c4 6. b3 cxb3 7. axb3 Bb4 8.
Bb5+ Bd7 9. Qe2+ Qe7 10. Ne5 Nf6 11. O-O O-O 12. Bd3 Nc6 1/2-1/2

[Event "Manhem IM Swiss 2002"]
[Site "?"]
[Date "2002.06.12"]
[Round "5"]
[White "von Bahr, Oscar"]
[Black "Lahlum, Hans Olav"]
[Result "1/2-1/2"]
[WhiteElo "2249"]
[BlackElo "2218"]
[PlyCount "65"]
[EventDate "2003.06.08"]

1. e4 e6 2. d4 d5 3. Nc3 Bb4 4. e5 c5 5. a3 Bxc3+ 6. bxc3 Qc7 7. Nf3 b6 8. a4
Ba6 9. Bxa6 Nxa6 10. Qe2 Nb8 11. a5 bxa5 12. Ba3 Nd7 13. dxc5 Ne7 14. c6 Qxc6
15. O-O Qxc3 16. Rfd1 Nc6 17. Bd6 Qc4 18. Qe3 Qe4 19. Qc3 Qc4 20. Qe3 Qe4 21.
Qc3 Qc4 22. Qd2 f6 23. Ra3 Ncxe5 24. Nxe5 Nxe5 25. Qxa5 Qc6 26. Bxe5 fxe5 27.
Rc3 Qd6 28. Qb5+ Qd7 29. Qc5 Rf8 30. Ra1 Kf7 31. Rxa7 Qxa7 32. Rf3+ Kg6 33.
Rg3+ 1/2-1/2

[Event "Manhem IM Swiss 2002"]
[Site "?"]
[Date "2002.06.12"]
[Round "5"]
[White "Åkesson, Joel"]
[Black "Pribyl, Josef"]
[Result "1/2-1/2"]
[WhiteElo "2234"]
[BlackElo "2413"]
[PlyCount "119"]
[EventDate "2003.06.08"]

1. d4 Nf6 2. c4 g6 3. g3 d5 4. cxd5 Nxd5 5. Bg2 Bg7 6. e4 Nb6 7. Ne2 O-O 8. O-O
Nc6 9. d5 Na5 10. Nbc3 c6 11. Re1 e6 12. Nf4 e5 13. Nd3 Re8 14. Nb4 Bd7 15. b3
Bf8 16. Nc2 Nc8 17. Be3 c5 18. f4 f6 19. fxe5 fxe5 20. Rf1 b6 21. d6 Bxd6 22.
Nd5 Rf8 23. Qd2 Be6 24. Bg5 Rxf1+ 25. Rxf1 Ne7 26. Nf6+ Kh8 27. Ne8 Qxe8 28.
Qxd6 Nec6 29. Ne3 h6 30. Bf6+ Kh7 31. Nd5 Qd7 32. Bxe5 Qxd6 33. Bxd6 Rd8 34.
Bc7 Rc8 35. Rf6 Nd4 36. Be5 Nac6 37. Bxd4 Nxd4 38. Nf4 Bg8 39. e5 Re8 40. Be4
Rxe5 41. Bxg6+ Kg7 42. Rd6 Ne2+ 43. Kf2 Nxf4 44. gxf4 Rd5 45. Rxd5 Bxd5 46. Bd3
Kf6 47. Ke3 Be6 48. Bb5 Bf5 49. a3 a5 50. a4 Bc2 51. Bc4 h5 52. Kd2 Be4 53. Ke3
Bc6 54. Bd3 h4 55. Be4 Be8 56. Bd3 Bd7 57. Bf1 Bc6 58. Bd3 Be8 59. Bf1 Bc6 60.
Bd3 1/2-1/2

[Event "Manhem IM Swiss 2002"]
[Site "?"]
[Date "2002.06.12"]
[Round "5"]
[White "Slapikas, Vytautas"]
[Black "Carlsen, Magnus Oen"]
[Result "1/2-1/2"]
[WhiteElo "2410"]
[BlackElo "2163"]
[PlyCount "134"]
[EventDate "2003.06.08"]

1. e4 c5 2. c3 d5 3. exd5 Qxd5 4. d4 Nc6 5. dxc5 Qxd1+ 6. Kxd1 Bf5 7. Be3
O-O-O+ 8. Nd2 Nf6 9. Ngf3 e5 10. Bb5 Nd5 11. Bxc6 bxc6 12. Nxe5 Nxe3+ 13. fxe3
Bxc5 14. Re1 Rde8 15. Nxc6 Bxe3 16. Nc4 Bc5 17. Nxa7+ Kb7 18. Nb5 Rxe1+ 19.
Kxe1 Re8+ 20. Kd2 Rd8+ 21. Nd4 Bxd4 22. cxd4 Rxd4+ 23. Kc3 Rd3+ 24. Kb4 Be6 25.
Rf1 Rd4 26. b3 Bxc4 27. bxc4 f6 28. Rf2 Kc6 29. Re2 h5 30. a4 Rd1 31. Re6+ Kd7
32. Ra6 Kc8 33. Rc6+ Kd7 34. Ra6 Kc8 35. Ra8+ Kb7 36. Rf8 g5 37. Rf7+ Kb8 38.
Rxf6 Rd2 39. g3 Rxh2 40. Rg6 g4 41. Rh6 Rh3 42. a5 Rxg3 43. Rxh5 Rg1 44. Rg5 g3
45. Rg7 g2 46. Kc5 Ka8 47. a6 Kb8 48. Rb7+ Ka8 49. Rb2 Ka7 50. Kb5 Ka8 51. Kb6
Kb8 52. c5 Rc1 53. Rxg2 Rb1+ 54. Kc6 Ka7 55. Kc7 Rh1 56. Rg7 Kxa6 57. c6 Ka7
58. Kd7 Rh8 59. Re7 Kb6 60. Rf7 Rg8 61. Rh7 Rf8 62. Rg7 Rh8 63. c7 Kb7 64. Rg4
Rh7+ 65. Kd8 Rh8+ 66. Kd7 Rh7+ 67. Kd8 Rh8+ 1/2-1/2

[Event "Manhem IM Swiss 2002"]
[Site "?"]
[Date "2002.06.12"]
[Round "5"]
[White "Westerinen, Heikki"]
[Black "Andersson, Tommy"]
[Result "1-0"]
[WhiteElo "2405"]
[BlackElo "2195"]
[PlyCount "75"]
[EventDate "2003.06.08"]

1. e4 c5 2. Nf3 d6 3. c3 Nf6 4. h3 g6 5. Bd3 Bg7 6. O-O O-O 7. Bc2 e5 8. d4 Nc6
9. d5 Ne7 10. c4 Ne8 11. Nc3 f5 12. exf5 gxf5 13. Nh2 f4 14. Ne4 Nf5 15. Bd3
Nf6 16. Bd2 Nxe4 17. Bxe4 Qg5 18. Nf3 Qh6 19. b4 b6 20. Rb1 Bd7 21. Re1 cxb4
22. Bxb4 Rac8 23. Qd3 Rf6 24. a4 Rcf8 25. a5 Rg6 26. Kh2 Qh5 27. axb6 axb6 28.
Ba3 Rxg2+ 29. Kxg2 Ne3+ 30. fxe3 Qxh3+ 31. Kg1 Qg3+ 32. Kh1 Rf6 33. Nh2 Rh6 34.
Qc2 f3 35. Rg1 Qh4 36. Bxf3 e4 37. Bxe4 Ba4 38. Qg2 1-0

[Event "Manhem IM Swiss 2002"]
[Site "?"]
[Date "2002.06.12"]
[Round "5"]
[White "Jägerflod, Kent"]
[Black "Westin, Bertil"]
[Result "0-1"]
[WhiteElo "2137"]
[BlackElo "2072"]
[PlyCount "50"]
[EventDate "2003.06.08"]

1. e4 c5 2. Nf3 Nc6 3. d4 cxd4 4. Nxd4 Nf6 5. Nc3 d6 6. f3 g6 7. Nxc6 bxc6 8.
Bc4 Bg7 9. Be3 O-O 10. O-O Bb7 11. Qe2 Qa5 12. Rfd1 d5 13. exd5 cxd5 14. Bb3 e5
15. Bf2 d4 16. Qb5 Qc7 17. Nb1 a5 18. Bg3 Rfe8 19. Qc4 Qe7 20. Qe2 a4 21. Bc4
Qc5 22. Nd2 e4 23. fxe4 Nxe4 24. Qf1 d3+ 25. Kh1 Nxg3+ 0-1

[Event "Manhem IM Swiss 2002"]
[Site "?"]
[Date "2002.06.12"]
[Round "5"]
[White "Andersson, Fredrik"]
[Black "Lönngren, Tobias"]
[Result "0-1"]
[WhiteElo "2098"]
[BlackElo "2122"]
[PlyCount "86"]
[EventDate "2003.06.08"]

1. e4 c6 2. d4 d5 3. exd5 cxd5 4. c4 Nf6 5. Nc3 Nc6 6. Nf3 Bg4 7. Qb3 Bxf3 8.
gxf3 Nxd4 9. Qa4+ Qd7 10. Qxd7+ Kxd7 11. Bh3+ e6 12. Be3 Nc2+ 13. Kd2 Nxe3 14.
fxe3 dxc4 15. Ke2 Bb4 16. Nb5 a6 17. Rad1+ Ke7 18. Nd4 Bc5 19. Rhg1 g6 20. Rg5
Bxd4 21. Rxd4 Rac8 22. Kd2 Rc7 23. Bf1 Rhc8 24. a4 c3+ 25. bxc3 Rxc3 26. Bd3
Ra3 27. e4 Ra2+ 28. Ke3 Rxh2 29. Rb4 Rc7 30. Rg1 Nd7 31. Be2 Rc3+ 32. Kd2 Ra3
33. Rgb1 Ra2+ 34. R1b2 Rxb2+ 35. Rxb2 Nc5 36. a5 h5 37. Ke3 e5 38. Rc2 Ne6 39.
Rb2 Nd8 40. Rb6 h4 41. Bc4 Rg2 42. Be2 Rg1 43. f4 h3 0-1

[Event "Manhem IM Swiss 2002"]
[Site "?"]
[Date "2002.06.12"]
[Round "5"]
[White "Kinnmark, Ove"]
[Black "Cech, Pavel"]
[Result "0-1"]
[WhiteElo "2364"]
[BlackElo "2337"]
[PlyCount "102"]
[EventDate "2003.06.08"]

1. Nf3 d5 2. d4 Nf6 3. Bf4 g6 4. h3 Bg7 5. e3 O-O 6. Bd3 b6 7. O-O Bb7 8. Nbd2
Nc6 9. c3 Nd7 10. e4 e5 11. Bg5 f6 12. Bh4 exd4 13. cxd4 Ne7 14. exd5 Bxd5 15.
Re1 Re8 16. Qc2 Nf8 17. Rac1 Ne6 18. Bg3 Qd7 19. b4 Bh6 20. Rb1 Nf4 21. Bxf4
Bxf4 22. Ne4 Kg7 23. a3 a5 24. b5 Rad8 25. Rbd1 Nf5 26. Bc4 Bxc4 27. Qxc4 Rxe4
28. Rxe4 Nd6 29. Qd3 Nxe4 30. Qxe4 Bd6 31. a4 Re8 32. Qd3 Qe6 33. Kf1 Qa2 34.
Nd2 Qxa4 35. Rb1 Qa2 36. Nc4 Bb4 37. Rd1 Qa4 38. Ne3 Bd6 39. g4 Qa2 40. Nc4 Bb4
41. d5 Bc5 42. Rd2 Qa1+ 43. Rd1 Qa4 44. g5 fxg5 45. Kg2 Rf8 46. Rd2 Rf4 47. Rc2
Qxb5 48. Qc3+ Bd4 49. Qd3 Qxd5+ 50. f3 Qf5 51. Qe2 Rh4 0-1

[Event "Manhem IM Swiss 2002"]
[Site "?"]
[Date "2002.06.12"]
[Round "5"]
[White "Labuckas, Aidas"]
[Black "Smetankin, Stanislav"]
[Result "1-0"]
[WhiteElo "2355"]
[BlackElo "2455"]
[PlyCount "55"]
[EventDate "2003.06.08"]

1. e4 c5 2. Nf3 d6 3. d4 cxd4 4. Nxd4 Nf6 5. Nc3 a6 6. Be2 e6 7. O-O Be7 8. f4
Qc7 9. a4 Nc6 10. Be3 O-O 11. Kh1 Bd7 12. Nb3 b6 13. Bf3 Rab8 14. Qe2 Bc8 15.
Qc4 Bb7 16. Nd4 Rfc8 17. Nxe6 fxe6 18. Qxe6+ Kh8 19. Nd5 Nxd5 20. exd5 Nd8 21.
Qf5 g6 22. Bd4+ Kg8 23. Qe4 Bf8 24. f5 Qxc2 25. Qe3 Nf7 26. Be4 Bh6 27. fxg6
Bxe3 28. gxh7+ 1-0

[Event "Manhem IM Swiss 2002"]
[Site "?"]
[Date "2002.06.12"]
[Round "5"]
[White "Lichmann, Petr"]
[Black "Wallin, Dennis"]
[Result "1/2-1/2"]
[WhiteElo "2160"]
[BlackElo "2114"]
[PlyCount "72"]
[EventDate "2003.06.08"]

1. d4 Nf6 2. c4 c5 3. d5 b5 4. cxb5 a6 5. f3 d6 6. e4 g6 7. a4 Bg7 8. Nc3 O-O
9. Be3 Ne8 10. Bd3 axb5 11. axb5 Rxa1 12. Qxa1 e6 13. Nge2 Nd7 14. O-O Ne5 15.
Bc2 Nc4 16. Bc1 Nc7 17. Bb3 exd5 18. Nxd5 Nxd5 19. Bxc4 Nb6 20. Qa2 Nxc4 21.
Qxc4 Be6 22. Qa4 d5 23. exd5 Qxd5 24. Rd1 Qc4 25. Qxc4 Bxc4 26. Nc3 Bd4+ 27.
Kh1 Rb8 28. h3 Bxb5 29. Nxb5 Rxb5 30. Rd2 f5 31. g3 Kf7 32. Re2 Rb6 33. Kg2 Rb3
34. h4 Rb7 35. Kf1 Rb3 36. Kg2 Rb7 1/2-1/2

[Event "Manhem IM Swiss 2002"]
[Site "?"]
[Date "2002.06.13"]
[Round "6"]
[White "Pribyl, Josef"]
[Black "von Bahr, Oscar"]
[Result "1/2-1/2"]
[WhiteElo "2413"]
[BlackElo "2249"]
[PlyCount "96"]
[EventDate "2003.06.08"]

1. e4 c5 2. Nc3 Nc6 3. Nf3 d6 4. Bb5 Bd7 5. O-O a6 6. Bxc6 Bxc6 7. d4 cxd4 8.
Nxd4 Nf6 9. Qe2 e6 10. Nxc6 bxc6 11. e5 Nd5 12. Na4 Nb6 13. Nxb6 Qxb6 14. exd6
Bxd6 15. b3 O-O 16. Bb2 Rfd8 17. Rad1 Bf8 18. g3 a5 19. Rxd8 Rxd8 20. Rd1 Rd5
21. a4 Qd8 22. Rxd5 Qxd5 23. Bc3 Be7 24. Qd2 Bd8 25. Qxd5 exd5 26. b4 axb4 27.
Bxb4 Bb6 28. a5 Bc7 29. Kf1 f5 30. Ke2 Kf7 31. Kd3 c5 32. Bd2 Ke6 33. c4 Bd8
34. a6 Bb6 35. Bf4 Ba7 36. h3 g6 37. g4 d4 38. Bd2 Kd6 39. gxf5 gxf5 40. Ke2
Kc6 41. Kf3 Kb6 42. Kf4 Kxa6 43. Kxf5 Bb6 44. Ke4 Ba5 45. Bg5 Kb7 46. f4 Kc6
47. Be7 Bb4 48. f5 Kd7 1/2-1/2

[Event "Manhem IM Swiss 2002"]
[Site "?"]
[Date "2002.06.13"]
[Round "6"]
[White "Olsson, Linus"]
[Black "Pedersen, Öyvind"]
[Result "1/2-1/2"]
[WhiteElo "2273"]
[BlackElo "2051"]
[PlyCount "175"]
[EventDate "2003.06.08"]

1. d4 Nf6 2. Nf3 c5 3. d5 g6 4. Nc3 d6 5. e4 Bg7 6. Be2 O-O 7. O-O Na6 8. Nd2
Nc7 9. a4 Bd7 10. Nc4 b6 11. Bg5 Rb8 12. f4 Be8 13. e5 dxe5 14. d6 Ne6 15. dxe7
Qxe7 16. fxe5 Nxg5 17. exf6 Bxf6 18. Nd5 Bd4+ 19. Qxd4 Qxe2 20. Qh4 f5 21. Rae1
Qg4 22. Nf6+ Rxf6 23. Qxg4 fxg4 24. Rxf6 Bxa4 25. b3 Re8 26. Rxe8+ Bxe8 27. Ne5
Kg7 28. Rd6 Nf7 29. Nxf7 Kxf7 30. Rd8 Bc6 31. Rc8 Be4 32. Rc7+ Ke6 33. Rxa7
Bxc2 34. Rb7 Kd6 35. Rxb6+ Kc7 36. Rb5 Kc6 37. Rb8 Kc7 38. Rh8 Bxb3 39. Rxh7+
Kd6 40. Kf2 Bc2 41. Ke3 Bf5 42. Ra7 Kd5 43. Ra1 Ke5 44. Rd1 c4 45. Rc1 Kd5 46.
Rc3 Bd7 47. Ra3 Bf5 48. Ra5+ Ke6 49. Kd4 Bd3 50. g3 Kf6 51. Rc5 Ke6 52. Rc7 Kd6
53. Rc8 Ke6 54. Rf8 Ke7 55. Rf4 g5 56. Rxg4 Kf6 57. Ke3 Kf5 58. Rd4 Bf1 59. h4
c3 60. g4+ Ke5 61. Rd1 Bh3 62. Kf3 gxh4 63. Rd3 Bf1 64. Rxc3 h3 65. Rc5+ Kf6
66. Rh5 Kg6 67. Kf4 Bg2 68. Rg5+ Kf6 69. Rf5+ Kg6 70. Rh5 Bf1 71. Ra5 Bg2 72.
Rh5 Bf1 73. Rh4 Bg2 74. g5 Bf1 75. Rh6+ Kg7 76. Kg4 Bg2 77. Kf5 Bf1 78. Rd6 Bb5
79. Rg6+ Kf7 80. Rf6+ Kg7 81. g6 Be8 82. Ra6 Bd7+ 83. Kg5 h2 84. Ra1 Bc6 85.
Ra7+ Kf8 86. Rh7 h1=Q 87. Rxh1 Bxh1 88. Kf6 1/2-1/2

[Event "Manhem IM Swiss 2002"]
[Site "?"]
[Date "2002.06.13"]
[Round "6"]
[White "Smetankin, Stanislav"]
[Black "Mandelbaum, René"]
[Result "1/2-1/2"]
[WhiteElo "2455"]
[BlackElo "2169"]
[PlyCount "110"]
[EventDate "2003.06.08"]

1. c4 e5 2. d3 f5 3. g3 Nf6 4. Bg2 Bb4+ 5. Bd2 a5 6. a3 Bxd2+ 7. Qxd2 O-O 8.
Nc3 d6 9. e3 c6 10. Nge2 Be6 11. O-O Na6 12. b3 d5 13. cxd5 Nxd5 14. d4 e4 15.
f3 exf3 16. Bxf3 Nxc3 17. Qxc3 Nc7 18. Nf4 Bf7 19. Nd3 Nd5 20. Qd2 Nf6 21. b4
Bc4 22. Rfc1 Bxd3 23. Qxd3 axb4 24. Qb3+ Kh8 25. Qxb4 Rb8 26. a4 Nd5 27. Bxd5
Qxd5 28. Rc5 Qf3 29. Re5 Rbe8 30. Rf1 Qe2 31. Rfxf5 Qd1+ 32. Kg2 Qc2+ 33. Kh3
Rg8 34. Rf7 Rxe5 35. dxe5 Qg6 36. Rxb7 Qe6+ 37. Kg2 Qxe5 38. Qd4 Qh5 39. Rb2 h6
40. Qe4 c5 41. a5 Rf8 42. a6 Qd1 43. Rf2 Rxf2+ 44. Kxf2 Qd2+ 45. Kf3 Qd1+ 46.
Kf4 Qf1+ 47. Ke5 Qxa6 48. Qf4 c4 49. Kd4 Qa1+ 50. Kxc4 Qa2+ 51. Kc5 Qxh2 52. e4
Qg1+ 53. Kd5 Qd1+ 54. Ke6 Qb3+ 55. Ke7 Qb7+ 1/2-1/2

[Event "Manhem IM Swiss 2002"]
[Site "?"]
[Date "2002.06.13"]
[Round "6"]
[White "Westin, Bertil"]
[Black "Mohammadi, Amir"]
[Result "0-1"]
[WhiteElo "2072"]
[BlackElo "2149"]
[PlyCount "74"]
[EventDate "2003.06.08"]

1. d4 f5 2. c4 Nf6 3. Nc3 e6 4. g3 Be7 5. Bg2 O-O 6. Nh3 Qe8 7. O-O c6 8. d5
Bb4 9. Bd2 e5 10. a3 Be7 11. b4 d6 12. f4 e4 13. Be3 Ng4 14. Qd2 Qh5 15. Rad1
Nd7 16. c5 dxc5 17. d6 Bxd6 18. bxc5 Nxe3 19. cxd6 Nxf1 20. Bxf1 h6 21. e3 Kh7
22. Nf2 Nb6 23. Qd4 Be6 24. h3 Qf3 25. Nh1 Nd5 26. Nxd5 Bxd5 27. Rd2 Qh5 28. g4
Qh4 29. gxf5 Rxf5 30. Rg2 Rf7 31. Ng3 Qf6 32. Qb4 Re8 33. Nh5 Qa1 34. Kf2 g6
35. d7 Rxd7 36. Ng3 Rf7 37. Be2 Rxf4+ 0-1

[Event "Manhem IM Swiss 2002"]
[Site "?"]
[Date "2002.06.13"]
[Round "6"]
[White "Åkesson, Joel"]
[Black "Labuckas, Aidas"]
[Result "1-0"]
[WhiteElo "2234"]
[BlackElo "2355"]
[PlyCount "113"]
[EventDate "2003.06.08"]

1. d4 Nf6 2. c4 c5 3. d5 e5 4. g3 d6 5. Bg2 g6 6. e4 Bg7 7. Ne2 O-O 8. O-O b5
9. cxb5 a6 10. Nbc3 axb5 11. Nxb5 Ba6 12. Nec3 Ne8 13. Re1 Nd7 14. Na3 f5 15.
Nc2 f4 16. Bh3 Kh8 17. Rb1 Ra7 18. b4 Qf6 19. b5 Bc8 20. Rf1 Qd8 21. f3 Nb6 22.
Bxc8 Qxc8 23. Kg2 g5 24. g4 h5 25. h3 Nf6 26. Ne1 Ng8 27. Nd3 Ne7 28. a4 Ng6
29. Ra1 Bf6 30. Nb2 hxg4 31. hxg4 Nh4+ 32. Kf2 c4 33. Qe2 Qc5+ 34. Ke1 Qb4 35.
Qc2 Nxd5 36. exd5 e4 37. Nbd1 exf3 38. Rf2 Re7+ 39. Kf1 Rfe8 40. Bd2 Qc5 41.
Rh2 Re2 42. Nxe2 fxe2+ 43. Rxe2 Rxe2 44. Kxe2 Qg1 45. Nf2 Qxa1 46. Qxc4 f3+ 47.
Ke3 Qe5+ 48. Qe4 Qg3 49. b6 Ng2+ 50. Kd3 Qxf2 51. b7 Qf1+ 52. Kc2 Ne3+ 53. Qxe3
Qc4+ 54. Kb1 Qxg4 55. b8=Q+ Kh7 56. Qc7+ Bg7 57. Qc2+ 1-0

[Event "Manhem IM Swiss 2002"]
[Site "?"]
[Date "2002.06.13"]
[Round "6"]
[White "Wallin, Dennis"]
[Black "Fendrich, David"]
[Result "1-0"]
[WhiteElo "2119"]
[BlackElo "2197"]
[PlyCount "79"]
[EventDate "2003.06.08"]

1. d4 Nf6 2. Bg5 Ne4 3. Bf4 c5 4. f3 Qa5+ 5. c3 Nf6 6. Nd2 cxd4 7. Nb3 Qf5 8.
Bxb8 Rxb8 9. Qxd4 b6 10. e4 Qf4 11. Ne2 Qc7 12. e5 Ng8 13. Ng3 Bb7 14. O-O-O e6
15. Ne4 Bxe4 16. Qxe4 Ne7 17. Bb5 Nd5 18. Kb1 a6 19. Bxa6 b5 20. c4 Qa7 21.
cxd5 Qxa6 22. d6 g6 23. Rc1 Bg7 24. Rc7 O-O 25. Nc5 Qa5 26. Nxd7 Ra8 27. a3
Rfd8 28. f4 Qd2 29. Rc2 Qa5 30. Nc5 Rdb8 31. Qb4 Qd8 32. g3 Ra7 33. h4 Qb6 34.
h5 gxh5 35. Rxh5 Rc8 36. Rh1 Rd8 37. Rhc1 Qb8 38. Nd3 Ra4 39. Qc5 Qa8 40. Qc6
1-0

[Event "Manhem IM Swiss 2002"]
[Site "?"]
[Date "2002.06.13"]
[Round "6"]
[White "Lönngren, Tobias"]
[Black "Pilgaard, Kim"]
[Result "1/2-1/2"]
[WhiteElo "2122"]
[BlackElo "2426"]
[PlyCount "160"]
[EventDate "2003.06.08"]

1. Nf3 f5 2. g3 Nf6 3. Bg2 g6 4. O-O Bg7 5. d4 O-O 6. c4 d6 7. Nc3 Nc6 8. d5
Na5 9. Nd2 c5 10. Rb1 e5 11. dxe6 Bxe6 12. b3 d5 13. cxd5 Nxd5 14. Nxd5 Bxd5
15. Qc2 Bxg2 16. Kxg2 Qd5+ 17. Nf3 Nc6 18. Be3 b6 19. Rfd1 Nb4 20. Qc1 Qe4 21.
Rd7 Bf6 22. Rb2 Nd5 23. Bh6 Rfd8 24. Rxd8+ Rxd8 25. Rd2 Re8 26. Rd3 Bg7 27.
Bxg7 Kxg7 28. Qd2 Nf6 29. Re3 Qc6 30. Rxe8 Nxe8 31. Kg1 Nf6 32. Qd8 Qd7 33. Qb8
Qd1+ 34. Kg2 Qxe2 35. Qc7+ Kf8 36. Ne5 Qe4+ 37. f3 Qd5 38. Nc6 Qd2+ 39. Kh3
Qh6+ 40. Kg2 Qd2+ 41. Kh3 Kg8 42. Qxa7 Qh6+ 43. Kg2 Qd2+ 44. Kh3 Qe2 45. Qe7
Qxe7 46. Nxe7+ Kf7 47. Nc8 Nd5 48. Kg2 Ke6 49. f4 b5 50. a4 Kd7 51. Na7 bxa4
52. bxa4 Nc3 53. a5 Kc7 54. a6 Kb6 55. Nc8+ Kxa6 56. Kf3 Ne4 57. g4 c4 58. gxf5
c3 59. f6 Nxf6 60. Ke3 Kb5 61. Kd3 Kb4 62. Na7 Kc5 63. Kxc3 Ne4+ 64. Kd3 Nd6
65. h4 Kb6 66. Kd4 Nf5+ 67. Ke5 Nxh4 68. Nc8+ Kc7 69. Ne7 Kd8 70. Nd5 Nf5 71.
Kf6 Ke8 72. Nc7+ Kf8 73. Ne6+ Kg8 74. Ng5 Ng3 75. Nf3 Nh5+ 76. Kg5 Ng7 77. Nd4
Kf7 78. f5 Ne8 79. fxg6+ hxg6 80. Nf3 Kg7 1/2-1/2